تحميل...

Political economy of the Theyyam: a study of the time-space homology/

التفاصيل البيبلوغرافية
المؤلفون الرئيسيون: Rajesh Komath, Researcher, Michael Tharakan, Guide
مؤلف مشترك: Mahatma Gandhi University, Kottayam School of Social Sciences
التنسيق: Ph.D Thesis
منشور في: Kottayam: Mahatma Gandhi University, 2014.
الموضوعات:
الوصول للمادة أونلاين:http://www.mgutheses.in/page/?q=T%202533&search=&page=1&rad=acc
LEADER 01064nam a22002297a 4500
082 |a RT 793.32  |b Q4 
100 |a Rajesh Komath, Researcher.  |9 12332 
100 |a Michael Tharakan, Guide.  |9 12333 
245 |a Political economy of the Theyyam:  |b a study of the time-space homology/  |c Rajesh Komath; Guided by Dr Prof Michael Tharakan. 
260 |a Kottayam:  |b Mahatma Gandhi University,  |c 2014. 
300 |a viii, 296p. 
504 |a Includes bibliographical references. 
650 |a Thesis (Ph.D)-Economics  |9 12334 
650 |a Dissertations, Academic (Ph.D)  |9 12335 
650 |a Theyyam-Economic aspects  |9 12336 
650 |a Theyyam-Political aspects  |9 12337 
650 |a Ritual arts-Kerala  |9 9129 
710 |a Mahatma Gandhi University, Kottayam  |b School of Social Sciences  |f 28-10-2014  |k Thesis  |9 12255 
856 |u http://www.mgutheses.in/page/?q=T%202533&search=&page=1&rad=acc 
942 |c THES 
999 |c 63414  |d 63414 
952 |0 0  |1 0  |4 0  |5 1  |6 RT_793_320000000000000_Q4  |7 1  |8 THES  |9 55250  |a MGUL  |b MGUL  |c REF  |d 2015-01-07  |l 0  |o RT 793.32 Q4  |p T02533  |r 2015-01-07  |w 2015-01-07  |y THES